THE COMPLETE SOURCEBOOK SHOES (Record no. 24729)
[ view plain ]
| 000 -LEADER | |
|---|---|
| fixed length control field | 00291nam a22001337a 4500 |
| 003 - CONTROL NUMBER IDENTIFIER | |
| control field | SGT |
| 020 ## - INTERNATIONAL STANDARD BOOK NUMBER | |
| International Standard Book Number | 0-500-51212-4 |
| 082 ## - DEWEY DECIMAL CLASSIFICATION NUMBER | |
| Classification number | 391.1 |
| Item number | PEA |
| 100 ## - MAIN ENTRY--PERSONAL NAME | |
| Personal name | PEACOCK, JOHN |
| 245 ## - TITLE STATEMENT | |
| Title | THE COMPLETE SOURCEBOOK SHOES |
| 260 ## - PUBLICATION, DISTRIBUTION, ETC. (IMPRINT) | |
| Place of publication, distribution, etc | USA |
| Name of publisher, distributor, etc | THAMES & HUDSON |
| Year of Publication | 2005 |
| 300 ## - PAGE DESCRIPTION | |
| No. of Pages | 168 |
| 942 ## - ADDED ENTRY ELEMENTS (KOHA) | |
| Source of classification or shelving scheme | Dewey Decimal Classification |
| Koha item type | Books |
| Withdrawn status | Lost status | Source of classification or shelving scheme | Damaged status | Not for loan | Home library | Current library | Shelving location | Date acquired | Vendor Name | Cost, normal purchase price | SGTU | Bill Number | Full call number | Accession No. (Barcode) | Date last seen | Bill Date | Koha item type |
|---|---|---|---|---|---|---|---|---|---|---|---|---|---|---|---|---|---|
| Dewey Decimal Classification | Not For Loan | SGT Science & Social Sciences Library | SGT Science & Social Sciences Library | Reference Book | 03/08/2023 | PANKAJ PUB. | 4280.00 | SGTU | 4726 | 391.1 PEA | FF793 | 03/08/2023 | Books |